Formación de la Afectividad, 11

Gardado en:
Detalles Bibliográficos
Autor Principal: Eraso D., Jorge E
Formato: Libro
Idioma:Lingua castelá
Publicado: Bogotá, Colombia Educar Editores 1997
Series:Serie Eduación Sexual: Educación Media
Subjects:
Tags: Engadir etiqueta
Sen Etiquetas, Sexa o primeiro en etiquetar este rexistro!

MARC

LEADER 00000nam a2200000 a 4500
001 UCH6463
003 CL-VaPUC
005 20240123090312.0
008 091109e19970000ck |||||||||||||||||spa|d
999 |c 337345  |d 337343 
020 |a 9580506825 
040 |c Pontificia Universidad Católica de Valparaíso 
082 0 4 |a 241.4 ERA 1997  |2 21 
100 0 |a Eraso D., Jorge E  |9 543000 
245 1 0 |a Formación de la Afectividad, 11 
260 0 3 |a Bogotá, Colombia  |b Educar Editores  |c 1997 
300 |a 101 páginas. 
490 0 |a Serie Eduación Sexual: Educación Media 
583 |a last modification  |c 20150507 02:55:39  |k Rodrigo Vera 
650 0 |a Educación  |9 258661 
650 0 |a Sexualidad  |9 358183 
650 0 |a Educación sexual  |9 308005 
650 0 |a Adolescencia  |9 307361 
650 7 |a EDUCACION CRISTIANA  |2 CL-VaPUC  |9 308333 
650 0 |a Anticonceptivos  |9 380147 
650 0 |a Aborto  |9 256680 
942 |c BK  |2 ddc 
945 |d 20091109 00:00:00  |a ccalabra